000 00603nam a2200205Ia 4500
003 GCL
008 140319s9999 xx 000 0 ara d
040 _aGCL /
_cGCL
082 0 4 _a641.7
_bد م
100 1 _aدولت تادرس ابراهيم
245 1 0 _aماكولات شهية لكل المناسبات /
_cدولت تادرس ابراهيم
260 _a[S.N] :
_bالمركز العربى الحديث
300 _a430 ص
490 _a
650 0 4 _aالاقتصاد المنزلى
650 0 4 _aالتغذية
650 0 4 _aالاغذية
650 0 4 _aالطهى
942 _2ddc
_cBK
999 _c55032
_d55032